| 000 | 00662cam a2200205 4500 | ||
|---|---|---|---|
| 001 | WB3541-08 | ||
| 008 | 000000n1999 000 0 eng u | ||
| 035 | _a(Sirsi) u100621 | ||
| 245 | _aOxford as high-tech centre | ||
| 260 | _c1999 | ||
| 490 |
_aFinancial Times _v19 October 1999, 4(2) |
||
| 520 | _aOxford is being billed as a rival to Cambridge as the UK's equivalent of "silicon valley". Oxford's high-tech employment is only 10% behind that of Cambridge. | ||
| 590 | _aWB | ||
| 650 | _aOXFORD | ||
| 650 | _aCAMBRIDGE | ||
| 650 | _aSILICON VALLEY | ||
| 650 | _aHIGH-TECHNOLOGY INDUSTRIES | ||
| 690 | _aPROPERTY-PROPERTY DEVELOPMENT | ||
| 942 | _n0 | ||
| 999 |
_c60197 _d60197 |
||